<?xml version="1.0" encoding="UTF-8"?>
<record
    xmlns:xsi="http://www.w3.org/2001/XMLSchema-instance"
    xsi:schemaLocation="http://www.loc.gov/MARC21/slim http://www.loc.gov/standards/marcxml/schema/MARC21slim.xsd"
    xmlns="http://www.loc.gov/MARC21/slim">

  <leader>04602nam a22003978i 4500</leader>
  <controlfield tag="001">BRILL9789004513877</controlfield>
  <controlfield tag="003">nllekb</controlfield>
  <controlfield tag="005">20260415154740.0</controlfield>
  <controlfield tag="006">m        d        </controlfield>
  <controlfield tag="007">cr un    uuuua</controlfield>
  <controlfield tag="008">220630s2022    ne      sb    001 0 eng d</controlfield>
  <datafield tag="020" ind1=" " ind2=" ">
    <subfield code="a">9789004513877</subfield>
    <subfield code="q">(electronic book)</subfield>
  </datafield>
  <datafield tag="020" ind1=" " ind2=" ">
    <subfield code="a">9789004513860</subfield>
    <subfield code="q">(print)</subfield>
  </datafield>
  <datafield tag="024" ind1="7" ind2=" ">
    <subfield code="a">10.1163/9789004513877</subfield>
    <subfield code="2">DOI</subfield>
  </datafield>
  <datafield tag="035" ind1=" " ind2=" ">
    <subfield code="z">(OCoLC)1320807820</subfield>
  </datafield>
  <datafield tag="040" ind1=" " ind2=" ">
    <subfield code="a">NL-LeKB</subfield>
    <subfield code="c">NL-LeKB</subfield>
    <subfield code="e">rda</subfield>
  </datafield>
  <datafield tag="050" ind1=" " ind2="4">
    <subfield code="a">H41</subfield>
  </datafield>
  <datafield tag="072" ind1=" " ind2="7">
    <subfield code="a">JHB</subfield>
    <subfield code="2">bicssc</subfield>
  </datafield>
  <datafield tag="072" ind1=" " ind2="7">
    <subfield code="a">SOC</subfield>
    <subfield code="x">026000</subfield>
    <subfield code="2">bisacsh</subfield>
  </datafield>
  <datafield tag="082" ind1="0" ind2="4">
    <subfield code="a">303</subfield>
    <subfield code="2">23</subfield>
  </datafield>
  <datafield tag="245" ind1="0" ind2="0">
    <subfield code="a">Against Better Judgement: Rethinking Multicultural Society :</subfield>
    <subfield code="b">Liber Amicorum: In Honour of Professor Dr Ruben Gowricharn /</subfield>
    <subfield code="c">edited by Jaswina Elahi, Sandra Trienekens Trienekens, and Hans Ramsoedh.</subfield>
  </datafield>
  <datafield tag="246" ind1="3" ind2=" ">
    <subfield code="a">Liber Amicorum: In Honour of Professor Dr Ruben Gowricharn</subfield>
  </datafield>
  <datafield tag="300" ind1=" " ind2=" ">
    <subfield code="a">1 online resource</subfield>
  </datafield>
  <datafield tag="504" ind1=" " ind2=" ">
    <subfield code="a">Includes bibliographical references and index.</subfield>
  </datafield>
  <datafield tag="505" ind1="0" ind2="0">
    <subfield code="t">Preface --</subfield>
    <subfield code="t">List of Figures and Tables --</subfield>
    <subfield code="t">Notes on Contributors --</subfield>
    <subfield code="t">1 Introduction /</subfield>
    <subfield code="r">Jaswina Elahi --</subfield>
    <subfield code="t">Part 1: Personal Sociology, Idealism, and Leadership --</subfield>
    <subfield code="t">2 On Personal Sociology /</subfield>
    <subfield code="r">Frank Bovenkerk --</subfield>
    <subfield code="t">3 Placidity: The Real Spiritual Infrastructure for Leadership /</subfield>
    <subfield code="r">Frits van Engeldorp Gastelaars --</subfield>
    <subfield code="t">4 The Retreat of Idealism: Rethinking Engagement within Polarized Societies /</subfield>
    <subfield code="r">Halleh Ghorashi --</subfield>
    <subfield code="t">5 Oh My Dismal, Dismal, Science! /</subfield>
    <subfield code="r">Peter A. G. van Bergeijk --</subfield>
    <subfield code="t">Part 2: Public Debate in Multicultural Society --</subfield>
    <subfield code="t">6 The Promotiekamer: An Instrument in the Dutch Public Debate /</subfield>
    <subfield code="r">Jaswina Elahi --</subfield>
    <subfield code="t">7 Blood, Sweat, and Footnotes /</subfield>
    <subfield code="r">Slawomir Magala --</subfield>
    <subfield code="t">8 On the Use of Dutch "Slaaf" and "Totslaafgemaakte" /</subfield>
    <subfield code="r">Michiel van Kempen --</subfield>
    <subfield code="t">Part 3: Migration, Integration, and Chances for Inclusive Policy --</subfield>
    <subfield code="t">9 We Are Not That Different: A Closer Look at Migrant and Non-Migrant Cultural Attitudes in the Netherlands /</subfield>
    <subfield code="r">Wilfred Uunk --</subfield>
    <subfield code="t">10 "Integration While Preserving Your Own Culture and Identity"? Looking Back at the Framing of the Migrant's Culture and Identity in Integration Policies in the Netherlands Nineteenth-Century China /</subfield>
    <subfield code="r">Rinus Penninx --</subfield>
    <subfield code="t">11 Slow Change, No Catharsis /</subfield>
    <subfield code="r">Sandra Trienekens --</subfield>
    <subfield code="t">12 Conditions for Label Change in a Public Dialogue about Inclusive Public Service /</subfield>
    <subfield code="r">Artie Ramsodit --</subfield>
    <subfield code="t">13 Peacekeeping in Holland 2001-2010. The Organization of Dutch Policy in the Light of the Polarization around Muslims /</subfield>
    <subfield code="r">Hans Crebas --</subfield>
    <subfield code="t">Part 4: The Multicultural Society in Suriname and in Caribbean SIDs --</subfield>
    <subfield code="t">14 Modernity and the Middle Class in Late Colonial Paramaribo /</subfield>
    <subfield code="r">Rosemarijn Hoefte --</subfield>
    <subfield code="t">15 Creolization and Creole Hassle in Segmented Suriname /</subfield>
    <subfield code="r">Hans Ramsoedh --</subfield>
    <subfield code="t">16 UFOs over Suriname: The Reception of an American Mythology /</subfield>
    <subfield code="r">Tanya Wijngaarde --</subfield>
    <subfield code="t">17 The Promotiekamer Suriname-Nederland: Intellectual Capacity Building /</subfield>
    <subfield code="r">Saira Jahangir-Abdoelrahman --</subfield>
    <subfield code="t">18 Encouraging Brain Gain in the Caribbean SIDs /</subfield>
    <subfield code="r">Miri&#xEB;la G. L. Carolina --</subfield>
    <subfield code="t">Part 5: Diaspora Communities --</subfield>
    <subfield code="t">19 The Turkish Diaspora in The Netherlands /</subfield>
    <subfield code="r">G&#xFC;rkan &#xC7;elik --</subfield>
    <subfield code="t">20 Reflections on the Trials and Tribulations of the Indentured Diaspora /</subfield>
    <subfield code="r">Brij Maharaj --</subfield>
    <subfield code="t">21 East Indians and Political Exclusion: The Case of Fiji, Guyana, and Suriname /</subfield>
    <subfield code="r">Chan E. S. Choenni --</subfield>
    <subfield code="t">Part 6: Homemaking --</subfield>
    <subfield code="t">22 Homemaking of the Second Generation /</subfield>
    <subfield code="r">Roshni Ganpat and Wiren Gowricharn --</subfield>
    <subfield code="t">Index.</subfield>
  </datafield>
  <datafield tag="520" ind1="3" ind2=" ">
    <subfield code="a">A unique collection of essays with surprising twists on multiculturalism, social science, and scholarship covering different societies.</subfield>
  </datafield>
  <datafield tag="520" ind1=" " ind2=" ">
    <subfield code="a">The topics addressed in this book varies from issues in multicultural society to scholarship. In fourteen short essays the authors discuss crucial topics, including (personal sociology, arts, policy making, creolisation, diaspora communities, minority empowerment, political exclusion, homemaking, practice of science). This liber amicorum offers a unique collection of essays that opens a fresh window for everybody interested in multicultural societies, history, arts and social science. The contributions to this book represents a fine scholarship dealing with contemporary issues in society and academia.</subfield>
  </datafield>
  <datafield tag="650" ind1=" " ind2="0">
    <subfield code="a">Critical Social Sciences.</subfield>
  </datafield>
  <datafield tag="650" ind1=" " ind2="0">
    <subfield code="a">Social Sciences.</subfield>
  </datafield>
  <datafield tag="700" ind1="1" ind2=" ">
    <subfield code="a">Ramsoedh, Hans,</subfield>
    <subfield code="e">editor.</subfield>
  </datafield>
  <datafield tag="700" ind1="1" ind2=" ">
    <subfield code="a">Trienekens, Sandra Trienekens,</subfield>
    <subfield code="e">editor.</subfield>
  </datafield>
  <datafield tag="700" ind1="1" ind2=" ">
    <subfield code="a">Elahi, Jaswina,</subfield>
    <subfield code="e">editor.</subfield>
  </datafield>
  <datafield tag="776" ind1="0" ind2="8">
    <subfield code="i">Print version:</subfield>
    <subfield code="t">Against Better Judgement: Rethinking Multicultural Society : Liber Amicorum: In Honour of Professor Dr Ruben Gowricharn.</subfield>
    <subfield code="d">Leiden ; Boston : Brill, 2022.</subfield>
    <subfield code="z">9789004513860</subfield>
  </datafield>
  <datafield tag="856" ind1="4" ind2=" ">
    <subfield code="u">http://dx.doi.org/10.1163/9789004513877</subfield>
  </datafield>
  <datafield tag="942" ind1=" " ind2=" ">
    <subfield code="2">ddc</subfield>
    <subfield code="c">E-BOOK</subfield>
  </datafield>
  <datafield tag="999" ind1=" " ind2=" ">
    <subfield code="c">49403</subfield>
    <subfield code="d">49403</subfield>
  </datafield>
  <datafield tag="952" ind1=" " ind2=" ">
    <subfield code="r">2026-04-15 11:21:00</subfield>
    <subfield code="l">0</subfield>
    <subfield code="o">303</subfield>
    <subfield code="p">EB04509</subfield>
    <subfield code="u">https://doi.org/10.1163/9789004513877</subfield>
    <subfield code="w">2026-04-15</subfield>
    <subfield code="y">E-BOOK</subfield>
    <subfield code="1">0</subfield>
    <subfield code="2">ddc</subfield>
    <subfield code="4">0</subfield>
    <subfield code="7">0</subfield>
    <subfield code="0">0</subfield>
    <subfield code="a">CUTN</subfield>
    <subfield code="b">CUTN</subfield>
    <subfield code="d">2026-04-15</subfield>
  </datafield>
</record>
